| 000 | 01178nam a22003257a 4500 | ||
|---|---|---|---|
| 003 | CHAP | ||
| 005 | 20241108131715.0 | ||
| 008 | 971013s1982 r 00010 d | ||
| 010 | _a57320 | ||
| 011 | _a58292 | ||
| 035 | _a62447 | ||
| 040 | _cCHAP | ||
| 082 |
_a635.651016 _bS6 |
||
| 100 | 1 | 0 |
_aSolórzano Vega, Esteban _ecomp. _9108505 |
| 245 |
_aHaba Vicia faba L. _b: resúmenes analíticos 1944-1981 |
||
| 260 |
_aChapingo, Méx. : _bUACH. Departamento de Fitotecnia, _c1982 |
||
| 300 | _a92 p. | ||
| 590 |
_aBATCH-UPD _b10 _c20130110 _lUCH01 _h0821 |
||
| 590 |
_aBATCH-UPD _b10 _c20130410 _lUCH01 _h0459 |
||
| 590 |
_aBATCH-UPD _b10 _c20130914 _lUCH01 _h1559 |
||
| 590 |
_aCONVERSION _b10 _c20130109 _lUCH01 _h1331 |
||
| 650 | 1 | 4 |
_aHaba _xBibliografía. _952091 |
| 901 | _aBK | ||
| 942 | _cLIBRO | ||
| 949 |
_a635.651016 S6 _bBC _cC _d33724000568911 _eC _fc.2 _h69694 _i62447 _si |
||
| 949 |
_a635.651016 S6 _bBC _cC _d33724000569034 _eC _fc.3 _h69695 _i62447 _si |
||
| 949 |
_a635.651016 S6 _bBC _cC _d33724000569042 _eC _h69693 _i62447 _si |
||
| 949 |
_a635.651016 S6 _bBC _cC _d33724000569091 _eC _fc.4 _h69696 _i62447 _si |
||
| 949 |
_a635.651016 S6 _bBC _cUACH _d-133844 _eUACH _fc.5 _h69697 _i62447 _si |
||
| 999 |
_c57320 _d57320 |
||